Surfing English course 2

में बचाया:
ग्रंथसूची विवरण
स्वरूप: पुस्तक
टैग : टैग जोड़ें
कोई टैग नहीं, इस रिकॉर्ड को टैग करने वाले पहले व्यक्ति बनें!
Thư viện lưu trữ: Mạng thư viện Đại học Đà Nẵng
LEADER 00395nam a22001691a 4500
001 000037107
003 13402
005 20160412015059.0
008 160412s0 000
082 |a 4N(TK)41 
245 |a Surfing English course 2 
OWN |a LNN 
999 |a From the UDN01 
TYP |a Monograph 
980 |a Mạng thư viện Đại học Đà Nẵng